Ciudades más pobladas de México - Extremo - Estadísticas

Estadísticas generales
  • Esta prueba ha sido intentada 208 veces
  • La puntuación promedio es 32 de 50
Estadísticas de respuestas
Num Población Estado Ciudad % Correcto
1 9,209,944 CDMX Ciudad de México
99%
7 1,385,621 JAL Guadalajara
97%
9 1,142,952 NLE Monterrey
95%
4 1,692,181 PUE Puebla
95%
2 1,922,523 BCN Tijuana
94%
14 888,797 ROO Cancún
91%
12 925,762 CHH Chihuahua
88%
27 658,609 GRO Acapulco
87%
3 1,721,215 GUA León
87%
6 1,501,551 CHH Ciudad Juárez
86%
16 863,893 AGU Aguascalientes
85%
13 921,771 YUC Mérida
84%
11 1,049,792 BCN Mexicali
84%
20 794,789 QUE Querétaro
83%
18 845,941 SLP San Luis Potosí
81%
30 616,068 DUR Durango
80%
19 808,416 SIN Culiacán
79%
22 743,275 MIC Morelia
76%
44 405,952 VER Veracruz
76%
17 855,563 SON Hermosillo
74%
15 864,431 COA Saltillo
74%
41 441,975 SIN Mazatlán
72%
5 1,645,352 MEX Ecatepec
70%
48 371,387 NAY Tepic
70%
31 578,830 CHP Tuxtla Gutiérrez
70%
8 1,257,547 JAL Zapopan
70%
25 690,193 COA Torreón
69%
10 1,072,676 MEX Nezahualcóyotl
68%
50 341,029 MOR Cuernavaca
62%
24 691,557 TAM Reynosa
58%
39 443,063 VER Xalapa
56%
42 416,055 TAM Nuevo Laredo
55%
29 635,862 NLE Guadalupe
51%
47 378,143 GUA Celaya
50%
43 412,199 NLE San Nicolás de los Garza
50%
37 452,090 GUA Irapuato
49%
35 510,739 TAM Matamoros
48%
21 776,220 MEX Naucalpan
48%
28 650,123 JAL Tlaquepaque
48%
38 443,807 BCN Ensenada
46%
32 536,436 NLE Apodaca
43%
40 442,440 JAL Tonalá
43%
26 658,907 MEX Tlalnepantla
38%
23 703,215 MEX Chimalhuacán
37%
34 515,353 MEX Cuautitlán Izcalli
34%
36 454,967 NLE General Escobedo
34%
49 368,585 MEX Ixtapaluca
27%
46 384,327 MEX Xico
25%
33 523,065 MEX Ciudad López Mateos
23%
45 386,290 MEX Ojo de Agua
18%
No se encontraron pruebas coincidentes
Distribución de puntuación
Porcentaje de gente con cada puntuación
Porcentaje por número respondido
Historial de tus puntuaciones
No has intentado esta prueba.